| 000 | 01139nam a2200325Ia 4500 | ||
|---|---|---|---|
| 001 | 031385 | ||
| 008 | 221003m2011 xx 000 0 cat d | ||
| 035 | _aCENDO_22204 | ||
| 041 | _acat | ||
| 100 |
_aCASTILLEJO, Luis _920352 |
||
| 245 | 0 | _a<La> jubilació voluntària en els funcionaris docents acollits al règim de classes passives de l'Estat | |
| 260 |
_aMallorca : _bFederació d'Ensenyament de CCOO-Illes, _c2011 |
||
| 300 |
_a2 p. ; _c 30 cm |
||
| 500 | _aEn: T.E. : Apunts, n. 328 (diciembre 2011), p. 3-4 | ||
| 650 |
_aJUBILACION _91014 |
||
| 650 |
_aREGIMEN DE PENSIONES _9347 |
||
| 650 | 0 |
_aPERSONAL DOCENTE _95294 |
|
| 650 |
_aSISTEMA EDUCATIVO _9915 |
||
| 650 |
_aENSEÑANZA PUBLICA _94635 |
||
| 710 |
_aCCOO _bFederación de Enseñanza _bFederación de Illes Balears _920288 |
||
| 856 |
_zPDF _uhttp://docpublicos.ccoo.es/cendoc/031385JubilacioVoluntariaFuncionaris.pdf |
||
| 901 | _a1 | ||
| 903 | _aNO | ||
| 904 | _a000 | ||
| 907 | _aPensiones y jubilación | ||
| 953 |
_d2011-12-28 _yDOCU_ELEC _hT.E. : Apunts, n. 328 (diciembre 2011), p. 3-4 _tPS06 |
||
| 999 |
_c22203 _d22203 |
||
| 910 | _a2011 | ||
| 942 | _cDOCU_ELEC | ||